| 000 | 00925cab a22001935a 4500 | ||
|---|---|---|---|
| 001 | L137516 | ||
| 008 | 070412e2005 xxk 000 0 eng d | ||
| 035 | _a(Sirsi) u137516 | ||
| 041 | 0 | _aeng | |
| 100 | 1 | _aBridge, Adrian | |
| 245 | 0 | 2 |
_aA make-or-buy decision by mechanical services contractors _ba further test of an integrative framework of vertical integration _h[electronic resource] |
| 260 |
_aBrisbane _bQueensland University of Technology _c2005 |
||
| 490 |
_aCOBRA _v2005 |
||
| 520 | _aPresents empirical data from mechanical services contractors as a further test of an integrative framework of vertical integration, combining concepts from transaction cost economics and the resource?based view. | ||
| 651 | 4 | _aAUSTRALIA | |
| 690 | _aMANAGEMENT-BUSINESS MANAGEMENT | ||
| 856 | 4 | 0 |
_uhttps://www.rics.org/site/scripts/download_info.aspx?downloadID=2594 _zView the item free of charge at www.rics.org... |
| 942 | _n0 | ||
| 999 |
_c78644 _d78644 |
||